Click to Translate - Amharic - Statistics

General Stats
  • This quiz has been taken 695 times
  • The average score is 6 of 20
Answer Stats
Hint Answer % Correct
Hello ሰላም (selam)
66%
Yes አዎ (āwo)
63%
Car መኪና (mekīna)
54%
She እሷ (iswa)
38%
Thank you አመሰግናለሁ (āmeseginalehu)
37%
Bread ዳቦ (dabo)
29%
Mountain ተራራ (terara)
29%
Eleven አስራ አንድ (āsira ānidi)
28%
Hat ኮፍያ (kofiya)
27%
Mother እናት (inat)
25%
Yellow ቢጫ (bīch’a)
24%
Table ጠረጴዛ (t’erep’ēza)
24%
After በኃላ (bähala)
23%
Nose አፍንጫ (āfinich’a)
21%
Spoon ማንኪያ (manikīya)
21%
Bed አልጋ (āliga)
20%
Dog ውሻ (wisha)
20%
Egg እንቁላል (inik’ulali)
19%
Monday ሰኞ (senyo)
19%
April ሚያዚያ (mīyazīya)
17%
No matching quizzes found
Score Distribution
Percent of People with Each Score
Percentile by Number Answered
Your Score History
You have not taken this quiz